000 02111nam a2200361 i 4500
001 000030029
003 DO-SdBNP
005 20240503151638.0
007 ta
008 110428s2017 dr 000 0 spa d
020 _a9789945586107 v.1
020 _a9789945586114 v.2
040 _aDO-SdBNP
_bspa
_cBNPHU
_erda
082 4 _222
100 1 _aMoreau Saint-Méry, Médéric Louis Élie de,
_d1750-1819
_956743
_eautor
245 1 0 _aDescripción topográfica, física, civil, política e histórica de la parte francesa de la isla de Santo Domingo /
_cMédéric Louis Élie Moreau de Saint-Méry ; traducción, Victoria Flórez-Estrada Ponce de León ; revisión del texto, William Capellán Ferreira ; diagramación y diseño, cubierta Harold Frías Maggiolo.
260 _aSanto Domingo :
264 _aSanto Domingo :
_bArchivo General de la Nación,
_c2017.
300 _a2 volumenes :
_bilustraciones,
_c27 cm.
336 _2rdacontent
_atexto
_btxt
337 _2rdamedia
_asin mediación
_bn
338 _2rdacarrier
_avolumen
_bnc
490 _aArchivo General de la Nación ;
_v305
500 _aIncluye datos biográficos del autor en las solapas
500 _aIncluye referencias bibliográficas y notas al pie de las páginas e índice onomástico
505 0 _aPresentación--
_tSobre la vida de Saint-Méry y su descripción --
_gVolumen 1--
_tDescripción topográfica, física, civil, política e histórica de la parte francesa de la isla de Santo Domingo--
_tNúmero y naturaleza de los asentamientos de la parte francesa de Santo Domingo-
_tíndice onomástico.
505 0 _aLista de suscriptores--
_tAdvertencia--
_tLista cronológica--
_tTraducción de las inscripciones latinas contenidas en esta obra--
_tItinerrio--
_gVolumen 2--
_tDescripción topográfica, física, civil, política e histórica de la parte francesa de la isla de Santo Domingo.
590 _aInventariado, 2021/BT
700 1 _aFlores-Estrada Ponce de León, Victoria,
_etraducción
_980535
700 1 _aCapellán Ferreira, William,
_erevisión del texto
_981863
910 _aBtavárez
942 _2ddc
_cLBS1
999 _c29521
_d29521